| 000 | 00918nas a2200301 4500 | ||
|---|---|---|---|
| 001 | BR0701415 | ||
| 003 | BR-BrBNA | ||
| 005 | 20231205110642.0 | ||
| 007 | ta | ||
| 008 | 230509b bl.|||p| |||| 00| 00por d | ||
| 040 |
_aBR-BrBNA _bpor _cBiblioteca Nacional de Agricultura |
||
| 041 | _a(Pt) | ||
| 072 | _aP33; P35 | ||
| 100 | 1 | _aBrito, O.R. | |
| 100 | 1 | _aVendrame, P.R.S. | |
| 100 | 1 | _aBrito, R.M. | |
| 245 | 1 | _aAlterações das propriedades químicas de um latossolo vermelho distroférrico submetido a tratamentos com resíduos orgânicos | |
| 650 | _aLATOSSOLO VERMELHO | ||
| 650 | _aQUÍMICA DO SOLO | ||
| 650 | _aRESÍDUO ORGÂNICO | ||
| 650 | _aPH | ||
| 650 | _aFERTILIDADE DO SOLO | ||
| 650 | _aNUTRIENTE | ||
| 650 | _aPARANÁ | ||
| 773 | 0 |
_tSemina (Brazil) _xISSN 1676-546X _g(Jan-Mar 2005), v. 26(1) p. 33-40 _wBR0701415 |
|
| 909 |
_a202311 _bLúcia _c55 _dLúcia Elande |
||
| 942 |
_2AGRIS _n0 _cANA |
||
| 999 |
_c188381 _d188381 |
||